000 00596nam a2200193Ia 4500
003 GCL
008 140319s9999 xx 000 0 ara d
040 _aGCL /
_cGCL
082 0 4 _aد
_b050
100 1 _aعزت قرنى
245 1 0 _aالعدالة والحرية فى فجر النهضة العربية الحديثة (عالم المعرفة 30) /
_cعزت قرنى
300 _a343 ص
490 _aعالم المعرفة
_v0
650 0 4 _aالحرية
650 0 4 _aالعدل
650 0 4 _aالعدالة الاجتماعية
650 0 4 _aحرية التعبير
942 _2ddc
_cBK
999 _c50275
_d50275